Roland Barthes (Record no. 481135)

MARC details
000 -LEADER
fixed length control field 01575cam a2200397 a 4500
001 - CONTROL NUMBER
control field EDZ0000117348
003 - CONTROL NUMBER IDENTIFIER
control field StDuBDS
005 - DATE AND TIME OF LATEST TRANSACTION
control field 20161031105200.0
006 - FIXED-LENGTH DATA ELEMENTS--ADDITIONAL MATERIAL CHARACTERISTICS--GENERAL INFORMATION
fixed length control field m||||||||d||||||||
007 - PHYSICAL DESCRIPTION FIXED FIELD--GENERAL INFORMATION
fixed length control field cr |||||||||||
008 - FIXED-LENGTH DATA ELEMENTS--GENERAL INFORMATION
fixed length control field 130111s2004 enkc fo| 000|0|eng d
020 ## - INTERNATIONAL STANDARD BOOK NUMBER
International Standard Book Number 9781446263280 (ebook) :
Terms of availability No price
040 ## - CATALOGING SOURCE
Original cataloging agency StDuBDS
Language of cataloging eng
Transcribing agency StDuBDS
Description conventions pn
041 0# - LANGUAGE CODE
Language code of text/sound track or separate title eng
-- fre
049 ## - LOCAL HOLDINGS (OCLC)
Holding library Alfaisal Main Library
050 #0 - LIBRARY OF CONGRESS CALL NUMBER
Classification number P85.B33
Item number R645 2004
082 04 - DEWEY DECIMAL CLASSIFICATION NUMBER
Classification number 300.92
Edition number 23
245 00 - TITLE STATEMENT
Title Roland Barthes
Medium [electronic resource] /
Statement of responsibility, etc edited by Mike Gane & Nicholas Gane.
260 ## - PUBLICATION, DISTRIBUTION, ETC. (IMPRINT)
Place of publication, distribution, etc London :
Name of publisher, distributor, etc SAGE,
Date of publication, distribution, etc 2004.
300 ## - PHYSICAL DESCRIPTION
Extent 1 online resource (3 v.) :
Other physical details ports.
490 1# - SERIES STATEMENT
Series statement SAGE masters of modern social thought
520 8# - SUMMARY, ETC.
Summary, etc Roland Barthes (1915-1980) was one of the leading post-structuralist authors of his day as well as making many important contributions to semiotics. These volumes provide a complete overview of his achievements.
521 ## - TARGET AUDIENCE NOTE
Target audience note Specialized.
546 ## - LANGUAGE NOTE
Language note Text in English with one chapter and some passages in French.
588 ## -
-- Description based on print version record.
504 ## - BIBLIOGRAPHY, ETC. NOTE
Bibliography, etc Includes bibliographical references.
600 10 - SUBJECT ADDED ENTRY--PERSONAL NAME
Personal name Barthes, Roland
General subdivision Criticism and interpretation.
655 #7 - INDEX TERM--GENRE/FORM
Genre/form data or focus term Electronic books.
Source of term local
700 1# - ADDED ENTRY--PERSONAL NAME
Personal name Gane, Mike.
700 1# - ADDED ENTRY--PERSONAL NAME
Personal name Gane, Nicholas,
Dates associated with a name 1971-
710 2# - ADDED ENTRY--CORPORATE NAME
Corporate name or jurisdiction name as entry element Sage eBooks
776 08 - ADDITIONAL PHYSICAL FORM ENTRY
Display text Print version :
International Standard Book Number 9780761949527
830 #0 - SERIES ADDED ENTRY--UNIFORM TITLE
Uniform title SAGE masters of modern social thought.
856 40 - ELECTRONIC LOCATION AND ACCESS
Uniform Resource Identifier <a href="http://ezproxy.alfaisal.edu/login?url=http://sk.sagepub.com/navigator/roland-barthes">http://ezproxy.alfaisal.edu/login?url=http://sk.sagepub.com/navigator/roland-barthes</a>
942 ## - ADDED ENTRY ELEMENTS (KOHA)
Source of classification or shelving scheme Library of Congress Classification
Koha item type eBooks

No items available.

Copyright © 2020 Alfaisal University Library. All Rights Reserved.
Tel: +966 11 2158948 Fax: +966 11 2157910 Email:
librarian@alfaisal.edu